| 000 | 00400nam a2200145Ia 4500 | ||
|---|---|---|---|
| 008 | 231129s2007||||xx |||||||||||||| ||spa|| | ||
| 020 | _a978-958-96366-4-0 | ||
| 040 | _bspa | ||
| 082 | _aCo863 M977s | ||
| 100 | _aMurillo Sarmiento Luis María | ||
| 245 | 0 | _aSeguiré viviendo | |
| 260 | _c2007 | ||
| 264 | _aBogotá Colombia : Cargraphics | ||
| 942 |
_2ddc _cBKS |
||
| 999 |
_c24405 _d24405 |
||